| 000 | 00704nam a2200253 a 4500 | ||
|---|---|---|---|
| 001 | 62193 | ||
| 003 | BD-RjUL | ||
| 005 | 20211209081043.0 | ||
| 008 | 170123s1969 enka 001 0 eng | ||
| 020 | _a0416124909 | ||
| 035 | _a(BD-RjUL)62318 | ||
| 040 |
_aDLC _cDLC _dBD-RjUL _beng |
||
| 041 | _aeng | ||
| 082 | 0 | 0 |
_a809.91 _223 _bMUC 1969 |
| 100 | 1 |
_aMuecke, D. C. _q(Douglas Colin) _9184988 |
|
| 245 | 1 | 4 |
_aThe compass of irony / _c[by] D. C. Muecke. |
| 260 |
_aLondon : _bMethuen, _cc1969. |
||
| 300 |
_axii, 276 p. : _bill. ; _c23 cm. |
||
| 350 | _a45/- | ||
| 504 | _aInclude Bibliography and index | ||
| 650 | 0 |
_aIrony in literature. _9184989 |
|
| 942 |
_2ddc _cBK |
||
| 999 |
_c62193 _d62193 |
||